000 00335pam a2200133a 44500
008 230405s1987 xxu||||| |||| 00| 0 eng d
041 _aENG
100 _aSTANIER R / INGRAHAM
245 _aGENERAL MICROBIOLOGY
250 _a5
260 _aNEW YORK
_bWILEY INTERSCIENCE PUBLICATION NEW YORK
_c1987
300 _a689
906 _a3729
999 _c269168
_d269168